Para vivir la oración cristiana

Guardat en:
Dades bibliogràfiques
Autor principal: Pikaza Ibarrondo, Xabier (Autor)
Format: Llibre
Idioma:espanyol
Publicat: Estella Verbo Divino 1990
Matèries:
Etiquetes: Afegir etiqueta
Sense etiquetes, Sigues el primer a etiquetar aquest registre!

MARC

LEADER 00000nam a2200000 a 4500
001 UCY5349
003 CL-VaPUC
008 950508e19900000SP |||||||||||||||||spa|d
082 0 4 |a 242.4  |b PIK  |2 21 
100 0 |a Pikaza Ibarrondo, Xabier  |e author  |9 334054 
245 1 0 |a Para vivir la oración cristiana 
300 |a 222 p 
942 |c BK 
945 |d 19950508 00:00:00  |a aalvarez 
260 |a Estella  |b Verbo Divino  |c 1990 
650 0 |a Oración  |9 313348 
650 0 |a Cristianismo  |9 257361 
583 |a last modification  |c 19950508 00:00:00  |k Rodrigo Vera 
999 |c 233024  |d 233022 
952 |0 0  |1 2  |4 0  |6 242_400000000000000_PIK_1990  |7 0  |8 A  |9 238073  |a BIBTEO  |b BIBTEO  |d 2019-11-18  |i 3081230  |o 242.4 PIK 1990  |p 3081230  |r 2019-11-18  |w 2019-11-18  |y BK  |k ICR